Sports Quiz

Random Sports Quiz
Score 0/18 Timer 05:00
0 Plays Today
% Correct
Howard Webb
96.7%
Mark Clattenburg
80.3%
Martin Atkinson
61.5%
Mike Dean
59%
Anthony Taylor
56.6%
Mike Jones
56.6%
Jonathan Moss
56.6%
Phil Dowd
55.7%
Roger East
51.6%
% Correct
Andre Marriner
50.8%
Robert Madley
49.2%
Chris Foy
44.3%
Kevin Friend
44.3%
Lee Mason
41.8%
Lee Probert
41.8%
Craig Pawson
36.9%
Michael Oliver
32.8%
Neil Swarbrick
30.3%

You're not logged in!

Compare scores with friends on all Sporcle quizzes.
OR
Log In

Sporcle TV

Today on Sporcle TV


Watch our educational content, quiz creation guides, and fun videos on Sporcle TV.

Show Comments

Extras

Top Quizzes Today


Score Distribution

Paid Content

Your Account Isn't Verified!

In order to create a playlist on Sporcle, you need to verify the email address you used during registration. Go to your Sporcle Settings to finish the process.

Report this User

Report this user for behavior that violates our Community Guidelines.

Details: